000 00303nam a22001337a 4500
008 170126b xxu||||| |||| 00| 0 eng d
020 _a9781416061090
041 _aeng
080 _28TH
_a61
100 _a3
101 _aSHM
245 _aCECIL ESSENTIALS OF MEDICINE
_cANDREOLI, TH.E
942 _2udc
_cBK
999 _c3823
_d3823